Počiatky výučby kybernetiky vo vzdelávaní učiteľov technicky orientovaných predmetov na základných školách
Štruktúra učiteľského vzdelávania po 2. svetovej vojne a počiatky výučby kybernetiky na učiteľských fakultách. Historické korene a rozvoj kybernetiky. Vývoj vzdelávania učiteľov a výučba kybernetiky.
Saved in:
| Main Author: | |
|---|---|
| Other Authors: | |
| Format: | Book Chapter |
| Language: | Slovak |
| Subjects: | |
| Tags: |
No Tags, Be the first to tag this record!
|
MARC
| LEADER | 00000naa$a2200000$$$4500 | ||
|---|---|---|---|
| 001 | 0041703 | ||
| 005 | 20231010124014.6 | ||
| 041 | 0 | |a slo | |
| 044 | |a SK | ||
| 245 | 1 | 0 | |a Počiatky výučby kybernetiky vo vzdelávaní učiteľov technicky orientovaných predmetov na základných školách |c Daniel Novák, Ján Pavlovkin |
| 520 | |a Štruktúra učiteľského vzdelávania po 2. svetovej vojne a počiatky výučby kybernetiky na učiteľských fakultách. Historické korene a rozvoj kybernetiky. Vývoj vzdelávania učiteľov a výučba kybernetiky. | ||
| 610 | 2 | 0 | |a vzdelávanie |
| 610 | 2 | 0 | |a učitelia |
| 610 | 2 | 0 | |a história |
| 610 | 2 | 0 | |a predmety učebné |
| 610 | 2 | 0 | |a výučba vedecká |
| 100 | 1 | |a Novák, Daniel | |
| 700 | 1 | |a Pavlovkin, Ján | |